[Event "45th Sitges Open 2019"]
[Site "Sitges"]
[Date "2019.07.29"]
[Round "8.8"]
[White "Mateus, Alejandro"]
[Black "Argandona Riveiro, Inigo"]
[Result "1-0"]
[WhiteElo "2334"]
[BlackElo "2416"]
[Annotator "TA"]
[PlyCount "137"]
[EventDate "2019.07.21"]
[EventType "swiss"]
[EventCountry "ESP"]
[SourceTitle "playchess.com"]
[Source "ChessBase"]
[SourceQuality "1"]

{[%evp 9,137,7,31,22,39,23,37,37,39,33,40,43,47,50,49,43,40,50,39,39,64,44,59,44,53,35,39,41,75,76,76,65,70,84,62,27,36,9,87,79,85,25,25,31,18,0,0,0,0,0,0,-11,-15,-15,-14,-45,-53,-106,-34,-117,-101,-439,-175,-189,-85,-135,-133,-168,-168,-145,-100,-289,0,0,0,-8,0,0,0,0,0,0,34,0,0,0,0,0,0,0,0,0,3,5,5,6,131,136,398,381,590,633,608,600,527,305,536,546,812,739,1414,1396,4914,2890,4918,4918,4906,2925,29981,29982,29988,29989,29989,29990,29994,29995,29995,29996,29996,877]} 1. e4 d6 2. d4 Nf6 3. Nc3 e5 4. Nf3 Nbd7 5. Rg1 (5. Bc4 Be7 6. a4 O-O 7. O-O c6 8. Re1 a5 9. h3 Nb6 10. Ba2 Nfd7 11. Be3 exd4 12. Bxd4 Nc5 13. Bxc5 dxc5 14. Qe2 Qd6 15. Rad1 Qg6 16. Ne5 Qg5 17. Nf3 Qg6 18. Ne5 Qg5 19. Nf3 Qg6 20. Ne5 Qg5 {½-½ (20) Fressinet,L (2650)-Ponomariov,R (2663) Germany 2019}) 5... g6 6. g4 {C41: Philidor Defence} Bg7 7. dxe5 dxe5 8. Be3 {White is slightly better.} O-O $146 ({Predecessor:} 8... c6 9. Qd3 Qe7 10. O-O-O O-O {1-0 (36) Tomczak,J (2544)-Malaniuk,V (2504) Krakow 2012}) 9. Qd2 c6 10. O-O-O Qe7 11. Qd6 Qxd6 12. Rxd6 Re8 13. g5 Nh5 14. Bh3 Nf8 15. Bxc8 Rexc8 16. Rgd1 b6 17. Nb1 {[%cal Bc3b1,Bb1d2,Bd2c4][%mdl 32]} Ne6 18. Nbd2 Bf8 19. Rd7 f6 20. Nc4 Nc5 21. Bxc5 $1 Bxc5 22. R1d2 Rf8 23. c3 fxg5 (23... b5 $11 {keeps the balance.} 24. Nd6 Rad8) 24. Nxg5 $16 (24. Nfxe5 $6 Rae8 $11) 24... Rxf2 25. b4 (25. Rxh7 $6 b5 $11) (25. Rxf2 $16 Bxf2 26. Nxh7) 25... Rxd2 $11 26. Kxd2 Bf8 27. Kc2 ({But not} 27. Nxe5 Nf6 $17) ({Don't play} 27. Rxh7 Bg7 $17) 27... Nf6 28. Rc7 b5 29. Na5 Bh6 30. Ne6 Nxe4 31. Nxc6 Re8 32. Ned8 Nd6 33. Rxa7 (33. Nb7 $15 Nf5 34. Nxa7) 33... e4 (33... Nf5 $1 $17 34. Kd1 Bf4) 34. Re7 (34. Ne7+ $1 $15 Kf8 35. Ne6+ Kf7 36. Nd8+ $1 {[%mdl 512]} Rxd8 37. Nc6+ Ke8 38. Nxd8 Kxd8 39. Rxh7) 34... Rf8 $1 $17 {aiming for ...Bg5.} 35. Re6 $2 {[%mdl 8192]} (35. Ne6 $17 {is a better chance.} Rf2+ 36. Kd1) 35... Rf2+ $2 (35... Nc4 {( -> ...Rf2+)} 36. a4 bxa4 37. Rxe4 Rf2+ 38. Kd3 Nb2+ 39. Kd4 Rd2+ 40. Kc5 a3 41. Re8+ Bf8+ 42. Ne7+ Kg7) 36. Kd1 $19 Bf8 (36... Bf4 $19 {is more deadly.} 37. Nd4 Rd2+ 38. Ke1 Rxh2) 37. h4 Rxa2 38. Ne7+ Bxe7 $1 39. Rxe7 {[%mdl 4096] Endgame KRN-KRN} Nc4 {Strongly threatening ...Rd2+.} 40. Ne6 $2 (40. Ke1 $17) 40... Ra1+ $2 (40... Ne3+ $19 41. Ke1 Nf5) 41. Ke2 $11 Ra2+ 42. Ke1 e3 43. Rg7+ Kh8 44. Rb7 {[%cal Rb7b8]} h6 {...Ne5 is the strong threat.} 45. Rxb5 Rd2 46. Nf4 Na3 47. Rb8+ Kh7 48. Ne2 Nc2+ 49. Kf1 Rd1+ 50. Kg2 Ne1+ 51. Kg3 {And now b5 would win.} Rd2 52. Nd4 {Hoping for Re8.} Rg2+ (52... Nc2 $1 $11 {remains equal.}) 53. Kf4 $1 $16 Rh2 $2 {[%mdl 8192]} (53... Nc2 $16) 54. Kxe3 $18 Ng2+ (54... Rh3+ {was worth a try.} 55. Kd2 Nd3) 55. Kf2 Nxh4+ 56. Kg3 Rh1 57. b5 {[%cal Bb4b5,Bb5b6,Bb6b7][%mdl 32]} g5 $2 {[#]} (57... Nf5+ {is a better defense.} 58. Nxf5 gxf5) 58. b6 $1 Rb1 59. c4 Rb2 60. b7 h5 61. c5 Ng6 62. c6 h4+ {[#]} 63. Kh3 $1 ({Not} 63. Kg4 Ne5+ 64. Kh3 (64. Kxg5 Nxc6 65. Rc8 Rxb7 $14) 64... Nxc6 $14) 63... Kh6 64. c7 {White mates.} Kh5 65. Rh8+ {[%mdl 64] Promotion} Nxh8 66. c8=Q Ng6 67. Qg4+ Kh6 68. Nf5+ Kh7 69. Qh5+ {Accuracy: White = 50%, Black = 38%.} 1-0

[Event "45th Sitges Open 2019"]
[Site "Sitges"]
[Date "2019.07.30"]
[Round "9.2"]
[White "Munoz, Miguel"]
[Black "Volkov, Sergey"]
[Result "1/2-1/2"]
[WhiteElo "2511"]
[BlackElo "2548"]
[Annotator "RC"]
[PlyCount "24"]
[EventDate "2019.07.21"]
[EventType "swiss"]
[EventCountry "ESP"]
[SourceTitle "playchess.com"]
[Source "ChessBase"]
[SourceQuality "1"]
[TimeControl "40/5400+30:1800+30"]

1. e4 {[%emt 0:00:00]} e6 {[%emt 0:00:00]} 2. d4 {[%emt 0:00:00]} d5 {[%emt 0:00:00]} 3. Nd2 {[%emt 0:00:00]} Nf6 {[%emt 0:00:00]} 4. e5 {[%emt 0:00:00]} Nfd7 {[%emt 0:00:00]} 5. Bd3 {[%emt 0:00:30]} c5 {[%emt 0:00:01]} 6. c3 {[%emt 0:00:06]} Nc6 {[%emt 0:00:04]} 7. Ne2 {[%emt 0:00:07]} cxd4 {[%emt 0:00:06]} 8. cxd4 {[%emt 0:00:04]} f6 {[%emt 0:00:06]} 9. exf6 {[%emt 0:00:10]} Nxf6 {[%emt 0:00:06]} 10. O-O {[%emt 0:00:10]} Bd6 {[%emt 0:00:06]} 11. Nf3 {[%emt 0:00:13]} O-O {[%emt 0:00:10]} 12. Bf4 {[%emt 0:00:05]} Bxf4 {[%emt 0:00:08]} 1/2-1/2

[Event "45th Sitges Open 2019"]
[Site "Sitges"]
[Date "2019.07.30"]
[Round "9.3"]
[White "Berdayes Ason, Dylan Isidro"]
[Black "Sturt, Raven"]
[Result "0-1"]
[WhiteElo "2461"]
[BlackElo "2429"]
[Annotator "ChessBase"]
[PlyCount "130"]
[EventDate "2019.07.21"]
[EventType "swiss"]
[EventCountry "ESP"]
[SourceTitle "playchess.com"]
[Source "ChessBase"]
[SourceQuality "1"]
[TimeControl "40/5400+30:1800+30"]

1. e4 {[%emt 0:18:08]} c5 {[%emt 0:00:00]} 2. Nf3 {[%emt 0:00:06]} Nc6 {[%emt 0:00:00]} 3. Bb5 {[%emt 0:00:08]} g6 {[%emt 0:00:00]} 4. Bxc6 {[%emt 0:00:13]} dxc6 {[%emt 0:00:00]} 5. d3 {[%emt 0:00:36]} Bg7 {[%emt 0:00:25]} 6. h3 {[%emt 0:00:02]} Nf6 {[%emt 0:04:39]} 7. Bd2 {[%emt 0:00:07]} Nd7 {[%emt 0:03:21]} 8. Qc1 {[%emt 0:00:02]} O-O {[%emt 0:04:42]} 9. Bh6 {[%emt 0:00:34]} Qa5+ {[%emt 0:01:36]} 10. c3 {[%emt 0:05:39]} Rd8 {[%emt 0:03:27]} 11. Bxg7 {[%emt 0:01:25]} Kxg7 {[%emt 0:00:04]} 12. O-O {[%emt 0:01:57]} Nf8 {[%emt 0:12:21]} 13. Rd1 {[%emt 0:03:30]} Ne6 {[%emt 0:04:43]} 14. Na3 {[%emt 0:00:06]} Qc7 {[%emt 0:01:05]} 15. Nc4 {[%emt 0:21:31]} b6 {[%emt 0:04:38]} 16. Qe3 {[%emt 0:03:46]} Ba6 {[%emt 0:03:02]} 17. g3 {[%emt 0:04:40]} f6 {[%emt 0:06:43]} 18. b3 {[%emt 0:01:47]} Rd7 {[%emt 0:05:53]} 19. d4 {[%emt 0:02:12]} Rad8 {[%emt 0:01:20]} 20. Rd2 {[%emt 0:04:47]} b5 {[%emt 0:10:48]} 21. Nb2 {[%emt 0:00:50]} b4 {[%emt 0:00:07]} 22. dxc5 {[%emt 0:06:02]} Rxd2 {[%emt 0:00:25]} 23. Nxd2 {[%emt 0:00:03]} Qe5 {[%emt 0:01:02]} 24. Rc1 {[%emt 0:05:58]} Qxc5 {[%emt 0:00:13]} 25. Qxc5 {[%emt 0:01:10]} Nxc5 {[%emt 0:00:01]} 26. Nb1 {[%emt 0:04:14]} bxc3 {[%emt 0:11:28]} 27. Rxc3 {[%emt 0:00:01]} Nxe4 {[%emt 0:00:03]} 28. Rxc6 {[%emt 0:00:09]} Bc8 {[%emt 0:00:01]} 29. Rc7 {[%emt 0:03:04]} Kf7 {[%emt 0:00:08]} 30. Kg2 {[%emt 0:01:50]} a6 {[%emt 0:01:20]} 31. Nc3 {[%emt 0:02:30]} Nxc3 {[%emt 0:00:45]} 32. Rxc3 {[%emt 0:00:02]} Bb7+ {[%emt 0:00:02]} 33. Kf1 {[%emt 0:00:46]} Rd2 {[%emt 0:00:41]} 34. Nd3 {[%emt 0:00:38]} Rxa2 {[%emt 0:01:13]} 35. Nc5 {[%emt 0:00:04]} Bc6 {[%emt 0:05:16]} 36. h4 {[%emt 0:00:07]} h5 {[%emt 0:00:37]} 37. Nd3 {[%emt 0:01:52]} Bb5 {[%emt 0:00:54]} 38. Kg2 {[%emt 0:00:03]} e5 {[%emt 0:00:33]} 39. Kf3 {[%emt 0:01:12]} Ke6 {[%emt 0:02:29]} 40. Ke3 {[%emt 0:00:00]} Kf5 {[%emt 0:00:00]} 41. Nc1 {[%emt 0:01:19]} Rb2 {[%emt 0:06:34]} 42. Nd3 {[%emt 0:00:55]} Rb1 {[%emt 0:01:28]} 43. Nc1 {[%emt 0:01:13]} Kg4 {[%emt 0:01:59]} 44. Rc2 {[%emt 0:00:46]} f5 {[%emt 0:03:14]} 45. Rc5 {[%emt 0:02:22]} Rb2 {[%emt 0:02:49]} 46. Rxe5 {[%emt 0:04:36]} Rc2 {[%emt 0:00:18]} 47. Re6 {[%emt 0:00:28]} Rxc1 {[%emt 0:08:28]} 48. Rxg6+ {[%emt 0:00:02]} Kh3 {[%emt 0:00:01]} 49. Rg5 {[%emt 0:00:02]} Rc3+ {[%emt 0:01:00]} 50. Kd4 {[%emt 0:02:53]} Rd3+ {[%emt 0:04:09]} 51. Ke5 {[%emt 0:03:01]} Rxb3 {[%emt 0:02:20]} 52. Rxh5 {[%emt 0:00:09]} Bd3 {[%emt 0:03:22]} 53. Rh8 {[%emt 0:00:59]} Kg4 {[%emt 0:02:03]} 54. Rg8+ {[%emt 0:00:53]} Kf3 {[%emt 0:00:05]} 55. h5 {[%emt 0:00:43]} Rb6 {[%emt 0:01:44]} 56. Rh8 {[%emt 0:01:30]} Kxf2 {[%emt 0:02:43]} 57. h6 {[%emt 0:00:01]} Ke3 {[%emt 0:00:07]} 58. Kd5 {[%emt 0:01:30]} a5 {[%emt 0:05:26]} 59. Kc5 {[%emt 0:00:55]} Rb7 {[%emt 0:00:11]} 60. Kd6 {[%emt 0:04:59]} a4 {[%emt 0:01:20]} 61. h7 {[%emt 0:04:51]} Be4 {[%emt 0:00:06]} 62. g4 {[%emt 0:01:39]} fxg4 {[%emt 0:00:49]} 63. Rg8 {[%emt 0:01:17]} Rxh7 {[%emt 0:00:06]} 64. Rxg4 {[%emt 0:00:05]} a3 {[%emt 0:00:04]} 65. Rg3+ {[%emt 0:01:20]} Bf3 {[%emt 0:00:01]} 0-1

[Event "45th Sitges Open 2019"]
[Site "Sitges"]
[Date "2019.07.30"]
[Round "9.4"]
[White "Baklan, Vladimir"]
[Black "Herrera, Juan Sebastian"]
[Result "1-0"]
[WhiteElo "2621"]
[BlackElo "2353"]
[Annotator "TA"]
[PlyCount "201"]
[EventDate "2019.07.21"]
[EventType "swiss"]
[EventCountry "ESP"]
[SourceTitle "playchess.com"]
[Source "ChessBase"]
[SourceQuality "1"]

{[%evp 16,200,39,36,50,37,39,43,48,41,46,44,62,63,62,59,60,49,56,44,54,31,31,33,33,24,68,26,21,12,27,25,28,24,58,6,28,42,85,73,114,115,188,177,222,222,209,210,236,255,382,377,508,162,244,226,226,213,206,149,125,88,263,69,72,65,65,65,65,65,73,51,51,51,51,51,51,51,51,51,51,51,51,51,51,51,51,43,51,51,51,51,51,51,51,51,51,51,51,51,51,51,51,51,51,0,51,51,51,51,51,51,51,51,51,51,51,51,51,51,51,51,51,51,51,31,31,31,31,31,31,0,0,0,0,0,0,0,0,0,0,0,0,5,20,5,13,5,12,0,12,12,13,13,27,29,29,35,29959,29962,29955,29956,5983,5189,29952,6199,3682,4133,29981,29980,29980,29981,29981,29982,29982,29979,29979,29980,29991,29992,29992,29993,29993,29994,29995,29994,29994]} 1. e4 c5 2. Nf3 e6 3. d4 cxd4 4. Nxd4 a6 5. Nc3 Qc7 6. Bd3 Nc6 7. Nxc6 dxc6 8. O-O e5 9. Be3 Nf6 {B43: Sicilian: Kan Variation: 5 Nc3} 10. Na4 (10. f3 Be6 {½-½ (10) Petrov,M (2475)-Miezis,N (2505) Crawley 2016}) 10... Nd7 11. c4 b5 {White is slightly better.} 12. cxb5 axb5 13. Nc3 Nc5 14. Nxb5 $146 ({Predecessor:} 14. Rc1 Nxd3 15. Qxd3 Qb7 16. Rfd1 Be6 {0-1 (45) Monteagudo Garrido,P-Munoz Agullo,J (2265) Mislata 1996}) 14... Qd7 $1 15. Bxc5 $1 Bxc5 16. Nc3 O-O 17. Qe2 Qa7 18. a4 Qb6 19. Bc4 Bd4 20. Ra3 Ba6 {next ...Bxc4 is good for Black.} 21. Bxa6 Rxa6 22. Rc1 Rb8 23. Rc2 Rba8 24. g3 g6 25. Kg2 (25. Qc4 $14) 25... Qb4 26. Na2 Qb7 27. Qc4 $1 Rb6 28. b4 {[%cal Bb2b4,Bb4c5,Bc5c6][%mdl 32]} Rba6 (28... Raa6 $16) 29. a5 $18 h5 30. Rf3 Kg7 31. Nc3 $1 c5 32. bxc5 Rc6 (32... Bxc3 $142 33. Rfxc3 (33. Rcxc3 Rxa5 34. c6 Qe7 $18) 33... Rc6) 33. Qd5 $1 {Rb2! is the strong threat.} Rxa5 {[#]} 34. Ne2 $2 (34. Rb2 $1 {[%cal Rb2b7][%mdl 512]} Qc7 (34... Qxb2 35. Qxf7+) 35. Nb5 {[%mdl 64] Double Attack} Rxc5 36. Nxc7 Rxd5 37. Rb7 (37. Nxd5 Bxb2 38. Nc7 Kg8 $11)) 34... Rc7 (34... Raxc5 $142 35. Rxc5 Bxc5 36. Qxe5+ Kg8) 35. c6 Qb4 36. Qd8 Raa7 37. Qf6+ Kh7 38. Rd3 Qb5 $2 (38... Qb1 $16 39. Rcd2 Ra6 40. Nxd4 exd4 41. Rxd4 Raxc6) 39. Qf3 $2 ({Worse is} 39. Nxd4 Qxd3 40. Qxe5 Re7 $11) (39. Rd1 $18) 39... Rxc6 $14 40. Rxc6 Qxc6 41. Nxd4 exd4 42. Rxd4 {[%mdl 4096] Endgame KQR-KQR} Re7 43. h4 Rd7 44. Rxd7 (44. Rd5 {keeps more tension.} Re7 45. e5 Kg7 46. Ra5 Qb6 47. Qd5) 44... Qxd7 {KQ-KQ} 45. Qb3 Kg7 46. Qc3+ Kh7 47. Qe5 Kg8 48. Qd5 Qe7 49. Qd4 Qb7 50. Kf3 Qc8 51. Kf4 Qg4+ 52. Ke3 Qc8 53. Kd2 Qc6 54. Qd8+ Kg7 55. Qd5 Qb6 56. Ke2 Qb2+ 57. Ke3 {Strongly threatening Qd4+.} Qc3+ 58. Qd3 Qc1+ 59. Qd2 Qc8 60. Qd4+ Kg8 $1 61. Kf3 Qg4+ 62. Kg2 $1 Qc8 63. Qd5 Kg7 64. Qe5+ Kg8 65. Qf6 Qc4 66. Qf3 Qe6 67. Qd3 Qc6 68. Kf3 Qc8 69. Ke2 Qc5 70. f4 Qg1 71. Qf3 Qh2+ 72. Kf1 Qd2 73. f5 Qc1+ 74. Kg2 Qb2+ 75. Kh3 Kg7 76. fxg6 (76. g4 {is more complex.} hxg4+ 77. Kxg4 Qd4 78. Kh3 Qe5 79. Qe3) 76... fxg6 77. Qg2 Qf6 78. Qe2 Kf7 79. Qc4+ Ke7 80. Qc5+ Ke8 81. Qb5+ Kf7 82. Kg2 {aiming for Qf1.} Qd4 83. Qb3+ Kf6 84. Kf3 Qg1 85. Qc3+ Kf7 86. Kf4 {Hoping for Qc7+.} Qb6 $2 {[%mdl 8192] [#]} (86... Qf2+ $14 87. Kg5 Qb6) 87. Qe5 $1 {[%cal Re5c3]} Kg8 {[#]} 88. Kg5 $1 Kf7 89. Kh6 g5+ 90. Kxg5 Qg6+ 91. Kf4 Qg4+ 92. Ke3 {White mates.} Kg6 {[#]} 93. Qg5+ $1 Qxg5+ 94. hxg5 Kxg5 {KPP-KP} 95. e5 Kf5 96. Kd4 Kg4 97. e6 Kxg3 98. e7 h4 99. e8=Q h3 100. Qg6+ Kf2 {Accuracy: White = 55%, Black = 56%.} 101. Qf5+ 1-0

[Event "45th Sitges Open 2019"]
[Site "Sitges"]
[Date "2019.07.30"]
[Round "9.5"]
[White "Pogorelov, Ruslan"]
[Black "Lacasa Diaz, Jose Antonio"]
[Result "1-0"]
[WhiteElo "2347"]
[BlackElo "2391"]
[Annotator "ChessBase"]
[PlyCount "126"]
[EventDate "2019.07.21"]
[EventType "swiss"]
[EventCountry "ESP"]
[SourceTitle "playchess.com"]
[Source "ChessBase"]
[SourceQuality "1"]
[TimeControl "40/5400+30:1800+30"]

1. Nf3 {[%emt 0:00:00]} d5 {[%emt 0:02:20]} 2. d4 {[%emt 0:00:00]} e6 {[%emt 0:00:15]} 3. c4 {[%emt 0:00:00]} c5 {[%emt 0:00:19]} 4. cxd5 {[%emt 0:00:06]} exd5 {[%emt 0:00:06]} 5. g3 {[%emt 0:00:34]} Nc6 {[%emt 0:00:08]} 6. Bg2 {[%emt 0:00:33]} Nf6 {[%emt 0:00:11]} 7. O-O {[%emt 0:00:28]} Be7 {[%emt 0:00:07]} 8. Nc3 {[%emt 0:00:15]} O-O {[%emt 0:00:09]} 9. Bg5 {[%emt 0:00:22]} c4 {[%emt 0:01:12]} 10. Ne5 {[%emt 0:01:23]} Be6 {[%emt 0:00:35]} 11. Nxc6 {[%emt 0:00:32]} bxc6 {[%emt 0:00:08]} 12. b3 {[%emt 0:05:32]} h6 {[%emt 0:02:01]} 13. Bxf6 {[%emt 0:00:40]} Bxf6 {[%emt 0:00:06]} 14. Na4 {[%emt 0:01:04]} cxb3 {[%emt 0:25:43]} 15. axb3 {[%emt 0:00:08]} Be7 {[%emt 0:00:05]} 16. Rc1 {[%emt 0:03:43]} Qd7 {[%emt 0:10:26]} 17. Nc5 {[%emt 0:01:53]} Bxc5 {[%emt 0:00:07]} 18. Rxc5 {[%emt 0:00:07]} Rfb8 {[%emt 0:00:10]} 19. Qc2 {[%emt 0:01:05]} Rb6 {[%emt 0:00:17]} 20. Ra1 {[%emt 0:04:17]} Bf5 {[%emt 0:06:54]} 21. Qc3 {[%emt 0:02:55]} Rab8 {[%emt 0:01:20]} 22. Ra3 {[%emt 0:00:15]} Qb7 {[%emt 0:00:30]} 23. h4 {[%emt 0:01:10]} Rxb3 {[%emt 0:07:08]} 24. Rxb3 {[%emt 0:00:14]} Qxb3 {[%emt 0:00:04]} 25. Qxb3 {[%emt 0:00:31]} Rxb3 {[%emt 0:00:04]} 26. Rxc6 {[%emt 0:00:10]} Rb1+ {[%emt 0:00:11]} 27. Kh2 {[%emt 0:00:34]} Rd1 {[%emt 0:01:08]} 28. e3 {[%emt 0:09:50]} Rd2 {[%emt 0:00:27]} 29. g4 {[%emt 0:01:33]} Bxg4 {[%emt 0:18:49]} 30. Bxd5 {[%emt 0:00:18]} Bd7 {[%emt 0:06:09]} 31. Rd6 {[%emt 0:15:42]} Be6 {[%emt 0:00:08]} 32. Bxe6 {[%emt 0:00:55]} fxe6 {[%emt 0:00:04]} 33. Rxe6 {[%emt 0:01:08]} Rxf2+ {[%emt 0:00:19]} 34. Kg3 {[%emt 0:00:27]} Rf6 {[%emt 0:02:53]} 35. Re7 {[%emt 0:01:16]} Rf7 {[%emt 0:01:12]} 36. Re5 {[%emt 0:00:09]} a6 {[%emt 0:00:17]} 37. Ra5 {[%emt 0:01:40]} Rf6 {[%emt 0:01:05]} 38. e4 {[%emt 0:00:41]} Kf7 {[%emt 0:03:22]} 39. e5 {[%emt 0:00:27]} Rb6 {[%emt 0:01:16]} 40. Kf4 {[%emt 0:00:00]} g6 {[%emt 0:00:00]} 41. Ke4 {[%emt 0:05:12]} Ke7 {[%emt 0:07:12]} 42. Ra4 {[%emt 0:06:50]} Kd7 {[%emt 0:10:56]} 43. Ra1 {[%emt 0:04:38]} Ke7 {[%emt 0:00:48]} 44. Rc1 {[%emt 0:04:41]} Kd7 {[%emt 0:00:42]} 45. h5 {[%emt 0:00:27]} gxh5 {[%emt 0:01:23]} 46. Rg1 {[%emt 0:00:13]} h4 {[%emt 0:01:13]} 47. Rg7+ {[%emt 0:01:10]} Ke8 {[%emt 0:00:17]} 48. Kf5 {[%emt 0:04:55]} h3 {[%emt 0:00:19]} 49. Rg3 {[%emt 0:00:47]} a5 {[%emt 0:06:21]} 50. Rxh3 {[%emt 0:05:57]} a4 {[%emt 0:01:14]} 51. d5 {[%emt 0:02:22]} Ra6 {[%emt 0:00:40]} 52. Ra3 {[%emt 0:01:36]} Kd7 {[%emt 0:08:51]} 53. d6 {[%emt 0:01:59]} Ra8 {[%emt 0:00:41]} 54. Rc3 {[%emt 0:08:23]} Rf8+ {[%emt 0:06:19]} 55. Ke4 {[%emt 0:00:02]} Ke6 {[%emt 0:02:13]} 56. Rc7 {[%emt 0:01:13]} Re8 {[%emt 0:00:00]} 57. Rh7 {[%emt 0:00:21]} a3 {[%emt 0:00:01]} 58. Rxh6+ {[%emt 0:00:16]} Kf7 {[%emt 0:00:51]} 59. Rf6+ {[%emt 0:03:35]} Kg7 {[%emt 0:00:05]} 60. Rf2 {[%emt 0:00:08]} Ra8 {[%emt 0:00:06]} 61. d7 {[%emt 0:01:53]} a2 {[%emt 0:00:03]} 62. Rxa2 {[%emt 0:00:17]} Rd8 {[%emt 0:00:01]} 63. e6 {[%emt 0:00:19]} Kf6 {[%emt 0:00:05]} 1-0

[Event "45th Sitges Open 2019"]
[Site "Sitges"]
[Date "2019.07.30"]
[Round "9.6"]
[White "Anuj Shrivatri"]
[Black "Cu Hor, Winston Darwin"]
[Result "1-0"]
[WhiteElo "2372"]
[BlackElo "2335"]
[Annotator "NA"]
[PlyCount "41"]
[EventDate "2019.07.21"]
[EventType "swiss"]
[EventCountry "ESP"]
[SourceTitle "playchess.com"]
[Source "ChessBase"]
[SourceQuality "1"]
[TimeControl "40/5400+30:1800+30"]

1. d4 {[%emt 0:00:00]} Nf6 {[%emt 0:00:00]} 2. Nf3 {[%emt 0:00:00]} e6 {[%emt 0:00:08]} 3. c4 {[%emt 0:00:00]} d5 {[%emt 0:00:05]} 4. g3 {[%emt 0:00:00]} dxc4 {[%emt 0:00:05]} 5. Bg2 {[%emt 0:00:00]} c5 {[%emt 0:00:06]} 6. O-O {[%emt 0:00:11]} Nbd7 {[%emt 0:01:02]} 7. Na3 {[%emt 0:03:50]} Be7 {[%emt 0:03:46]} 8. Nxc4 {[%emt 0:07:21]} O-O {[%emt 0:00:13]} 9. dxc5 {[%emt 0:02:20]} Nxc5 {[%emt 0:00:39]} 10. Nfe5 {[%emt 0:01:30]} Qxd1 {[%emt 0:07:35]} 11. Rxd1 {[%emt 0:00:06]} a5 {[%emt 0:03:37]} 12. Be3 {[%emt 0:03:39]} a4 {[%emt 0:07:06]} 13. Nd6 {[%emt 0:10:57]} Bxd6 {[%emt 0:09:45]} 14. Rxd6 {[%emt 0:00:07]} Ncd7 {[%emt 0:04:07]} 15. Nc4 {[%emt 0:05:59]} Ne8 {[%emt 0:03:43]} 16. Rd2 {[%emt 0:02:06]} Ra6 {[%emt 0:00:40]} 17. Rad1 {[%emt 0:04:23]} b5 {[%emt 0:03:27]} 18. Na3 {[%emt 0:02:14]} b4 {[%emt 0:00:21]} 19. Nb5 {[%emt 0:06:48]} Ra5 {[%emt 0:09:05]} 20. Na7 {[%emt 0:01:15]} Nef6 {[%emt 0:00:38]} 21. Nc6 {[%emt 0:00:53]} 1-0

[Event "45th Sitges Open 2019"]
[Site "Sitges"]
[Date "2019.07.30"]
[Round "9.7"]
[White "Beltran Rueda, Santiago"]
[Black "Gaprindashvili, Valeriane"]
[Result "0-1"]
[WhiteElo "2326"]
[BlackElo "2368"]
[Annotator "NA"]
[PlyCount "84"]
[EventDate "2019.07.21"]
[EventType "swiss"]
[EventCountry "ESP"]
[SourceTitle "playchess.com"]
[Source "ChessBase"]
[SourceQuality "1"]
[TimeControl "40/5400+30:1800+30"]

1. c4 {[%emt 0:00:00]} e6 {[%emt 0:00:00]} 2. Nf3 {[%emt 0:00:00]} Nf6 {[%emt 0:00:02]} 3. g3 {[%emt 0:00:00]} d5 {[%emt 0:00:21]} 4. d4 {[%emt 0:00:02]} dxc4 {[%emt 0:00:26]} 5. Qa4+ {[%emt 0:01:37]} Bd7 {[%emt 0:01:18]} 6. Qxc4 {[%emt 0:00:08]} Bc6 {[%emt 0:00:04]} 7. Bg2 {[%emt 0:00:16]} Nbd7 {[%emt 0:00:09]} 8. O-O {[%emt 0:00:27]} Bd5 {[%emt 0:01:39]} 9. Qd3 {[%emt 0:01:07]} Be4 {[%emt 0:00:34]} 10. Qd1 {[%emt 0:08:16]} c5 {[%emt 0:00:11]} 11. Nc3 {[%emt 0:00:11]} Bc6 {[%emt 0:00:02]} 12. Bg5 {[%emt 0:04:47]} Be7 {[%emt 0:05:05]} 13. dxc5 {[%emt 0:07:07]} Nxc5 {[%emt 0:04:32]} 14. Bh3 {[%emt 0:11:19]} Nce4 {[%emt 0:09:03]} 15. Nxe4 {[%emt 0:06:34]} Bxe4 {[%emt 0:02:36]} 16. Ne5 {[%emt 0:05:04]} Qa5 {[%emt 0:10:37]} 17. Bxf6 {[%emt 0:00:26]} Rd8 {[%emt 0:00:01]} 18. Qb3 {[%emt 0:02:28]} Bxf6 {[%emt 0:03:51]} 19. Nc4 {[%emt 0:04:00]} Qh5 {[%emt 0:06:35]} 20. Bg2 {[%emt 0:01:38]} Bxg2 {[%emt 0:00:30]} 21. Kxg2 {[%emt 0:00:05]} b5 {[%emt 0:04:17]} 22. Na5 {[%emt 0:01:43]} Qxe2 {[%emt 0:03:57]} 23. Nc6 {[%emt 0:04:47]} Qe4+ {[%emt 0:03:52]} 24. Qf3 {[%emt 0:00:12]} Qxf3+ {[%emt 0:00:08]} 25. Kxf3 {[%emt 0:00:11]} Rd7 {[%emt 0:12:08]} 26. a4 {[%emt 0:06:27]} b4 {[%emt 0:02:03]} 27. Nxb4 {[%emt 0:03:31]} Bxb2 {[%emt 0:08:13]} 28. Rab1 {[%emt 0:04:51]} Bf6 {[%emt 0:02:54]} 29. Rfd1 {[%emt 0:00:20]} Rc7 {[%emt 0:06:43]} 30. Na6 {[%emt 0:01:10]} Rc3+ {[%emt 0:00:11]} 31. Kg2 {[%emt 0:00:23]} O-O {[%emt 0:00:01]} 32. Rb7 {[%emt 0:01:17]} Rc4 {[%emt 0:00:21]} 33. Nb8 {[%emt 0:02:49]} Rfc8 {[%emt 0:07:28]} 34. a5 {[%emt 0:04:38]} h5 {[%emt 0:00:01]} 35. Rdd7 {[%emt 0:03:37]} Ra4 {[%emt 0:04:41]} 36. a6 {[%emt 0:03:30]} Bd4 {[%emt 0:01:13]} 37. Rb5 {[%emt 0:08:30]} Rc2 {[%emt 0:01:32]} 38. Rd8+ {[%emt 0:01:02]} Kh7 {[%emt 0:00:01]} 39. Rxh5+ {[%emt 0:00:14]} Kg6 {[%emt 0:00:02]} 40. Rh4 {[%emt 0:00:00]} Rxf2+ {[%emt 0:00:00]} 41. Kh3 {[%emt 0:03:50]} Raa2 {[%emt 0:10:23]} 42. Rhxd4 {[%emt 0:02:53]} f5 {[%emt 0:00:24]} 0-1